01139nam a2200193 a 4500001001000000005001700010008004100027041000800068044000700076084002100083100002800104245049200132260007700624300002900701500003300730500007700763505008200840650002300922BRCA_903620190320210513.0160817s1778----sp-#######---#000-0#spa-# aspa asp aBE108b.C37 17781 aCastellot, Joaquinetr.10aAño christiano, o exercicios devotos para todos los domingos, días de quaresma, y fiestas movibles del añobcontiene la historia, o explicación de quanto hay más particular è instructivo en tales días: algunas Reflexiones sobre la Epístola,; una Metidacion después del Evangelio de la Misa, con algunos Exercicios practicos, ó Propósitos adaptables á todo género de personasctraducido fielmente del francés al castellano por el doctor D. Joaquin Castellot... aMadridbEn la Imprenta de D. Antonio de Sancha, en la Aduana Viejac1778 a484 p. (t.4)c21 x 16 cm aCon las licencias necesarias aEstado físico: presenta encuadernación en pergamino con cintas rotas0 aContenido: t.4. Desde el domingo de resurrección hasta la Octava del Corpus14aIglesia católica